Thực hành Visual C++ 6.0
Quyển sách giới thiệu các công cụ lập trình mạnh được cung cẩp trong trình biên dịch. Những công cụ này bao gồm trình biên dịch C++, gỡ rối và một số công cụ khác. Thực hành Visual C++6.0 bao gồm tất cả các khái niệm cơ bản về ngôn ngữ l...
Đã lưu trong:
| Hovedforfatter: | |
|---|---|
| Format: | Bog |
| Sprog: | Undetermined |
| Udgivet: |
Hà Nội
Thống Kê
2001
|
| Fag: | |
| Tags: |
Tilføj Tag
Ingen Tags, Vær først til at tagge denne postø!
|
| Thư viện lưu trữ: | Trung tâm Học liệu Trường Đại học Cần Thơ |
|---|
| LEADER | 01014nam a2200205Ia 4500 | ||
|---|---|---|---|
| 001 | CTU_42039 | ||
| 008 | 210402s9999 xx 000 0 und d | ||
| 020 | |c 32000 | ||
| 082 | |a 005.133 | ||
| 082 | |b H407 | ||
| 100 | |a Đặng, Minh Hoàng | ||
| 245 | 0 | |a Thực hành Visual C++ 6.0 | |
| 245 | 0 | |c Đặng Minh Hoàng | |
| 260 | |a Hà Nội | ||
| 260 | |b Thống Kê | ||
| 260 | |c 2001 | ||
| 520 | |a Quyển sách giới thiệu các công cụ lập trình mạnh được cung cẩp trong trình biên dịch. Những công cụ này bao gồm trình biên dịch C++, gỡ rối và một số công cụ khác. Thực hành Visual C++6.0 bao gồm tất cả các khái niệm cơ bản về ngôn ngữ lập trình trong C++ và ngôn ngữ Windows, bao gồm các cấp thư viện gốc | ||
| 650 | |a C ++ ( computer program language ) | ||
| 904 | |i Năm | ||
| 980 | |a Trung tâm Học liệu Trường Đại học Cần Thơ | ||